000 00277nam a22001337a 4500
020 _a0-7214-0646-7
082 _a823
_b823
100 _aMURRAY, W
245 _aBOOKS ARE EXCITING
260 _aUK
_bLADY BIRD
300 _a51
650 _aENGLISH SHORT STORY
_zUK
942 _cBK
999 _c2567
_d2567